<?xml version="1.0" encoding="UTF-8"?>
<record
    xmlns:xsi="http://www.w3.org/2001/XMLSchema-instance"
    xsi:schemaLocation="http://www.loc.gov/MARC21/slim http://www.loc.gov/standards/marcxml/schema/MARC21slim.xsd"
    xmlns="http://www.loc.gov/MARC21/slim">

  <leader>03081nam a2200385 a 4500</leader>
  <controlfield tag="001">000007693</controlfield>
  <controlfield tag="003">DO-SdBNP</controlfield>
  <controlfield tag="005">20251210123059.0</controlfield>
  <controlfield tag="008">090907s2006    sp a          001 0 spa d</controlfield>
  <datafield tag="020" ind1=" " ind2=" ">
    <subfield code="a">8449428238</subfield>
  </datafield>
  <datafield tag="020" ind1=" " ind2=" ">
    <subfield code="a">9788449428234</subfield>
  </datafield>
  <datafield tag="035" ind1=" " ind2=" ">
    <subfield code="a">(OCoLC)436000645</subfield>
  </datafield>
  <datafield tag="040" ind1=" " ind2=" ">
    <subfield code="a">DO-SdBNP</subfield>
    <subfield code="b">spa</subfield>
    <subfield code="c">BNPHU</subfield>
  </datafield>
  <datafield tag="049" ind1=" " ind2=" ">
    <subfield code="a">BNGR</subfield>
    <subfield code="c">1[001880]</subfield>
  </datafield>
  <datafield tag="082" ind1=" " ind2="4">
    <subfield code="b">A881u</subfield>
  </datafield>
  <datafield tag="245" ind1="0" ind2="0">
    <subfield code="a">Atlas universal de filosof&#xED;a :</subfield>
    <subfield code="b">manual did&#xE1;ctico de autores, textos, escuelas y conceptos filos&#xF3;ficos /</subfield>
    <subfield code="c">direcci&#xF3;n Carlos Gispert ; edici&#xF3;n Anna Biosca ...[et al.] ; traducci&#xF3;n Marco Barberi ... [et al.].</subfield>
  </datafield>
  <datafield tag="260" ind1=" " ind2=" ">
    <subfield code="a">Barcelona :</subfield>
    <subfield code="b">Oc&#xE9;ano,</subfield>
    <subfield code="c">2006.</subfield>
  </datafield>
  <datafield tag="270" ind1=" " ind2=" ">
    <subfield code="a">Editora Oc&#xE9;ano</subfield>
    <subfield code="a">Milanesat, 21-23 edificio Oc&#xE9;ano</subfield>
    <subfield code="b">Barcelona</subfield>
    <subfield code="d">Espa&#xF1;a</subfield>
    <subfield code="e">08017</subfield>
    <subfield code="k">34-932-802-020</subfield>
    <subfield code="l">34-932-041-073</subfield>
    <subfield code="m">www.oceano.com</subfield>
  </datafield>
  <datafield tag="300" ind1=" " ind2=" ">
    <subfield code="a">vii, 1035 p. :</subfield>
    <subfield code="b">il, retrs. ;</subfield>
    <subfield code="c">27 cm.</subfield>
  </datafield>
  <datafield tag="500" ind1=" " ind2=" ">
    <subfield code="a">Incluye &#xED;ndice general, de autores y t&#xE9;rminos</subfield>
  </datafield>
  <datafield tag="505" ind1="2" ind2=" ">
    <subfield code="a">Presentaci&#xF3;n -- Sumario -- Conceptos filos&#xF3;ficos b&#xE1;sicos -- Grecia -- Presocr&#xE1;ticos -- S&#xF3;crates -- Plat&#xF3;n -- Arist&#xF3;teles -- Helenismo -- Edad imperial -- Edad media -- Neoplatonismo -- Renacimiento -- Revoluci&#xF3;n cient&#xED;fica -- Racionalismo cl&#xE1;sico -- Emp&#xED;rismo -- Siglo de las luces -- Kantismo -- Idealismo -- Posthegelianismo -- Antipositivismo -- La voz del irracionalismo -- Epistemolog&#xED;a -- Ciencias naturales -- Ciencias humanas -- Psicoan&#xE1;lisis -- Psicolog&#xED;a -- Est&#xE9;tica -- Antolog&#xED;a de textos -- Milesios: tales, anaximandro, anax&#xED;menes -- Her&#xE1;clito -- Pit&#xE1;goras -- Parm&#xE9;nides y Zen&#xF3;n -- Dem&#xF3;crito -- Sofistas: prot&#xE1;goras y Gorgias -- S&#xF3;crates -- Plat&#xF3;n -- Arist&#xF3;teles -- C&#xED;nicos y esc&#xE9;pticos: Di&#xF3;genes y Pirr&#xF3;n -- Epicuro -- Estoicos: Zen&#xF3;n, S&#xE9;neca, Marco Aurelio -- Plotino -- San Agust&#xED;n -- Te&#xF3;logos mediavales: Dioniso y San Anselmo -- Santo Tom&#xE1;s de Aquino -- Erasmo -- Lutero -- Cusa -- Neoplat&#xF3;nicos: Ficino y Pico Della Mirandola -- Bruno -- Magos y naturalistas: Paracelso, Agrippa, Telesio -- Campanella -- Maquiavelo -- Moro -- Galileo -- Bacon -- Descartes -- Hobbe -- Pascal -- Spinoza -- Leibniz -- Locke -- Berkeley -- Hume -- Voltaire -- Rousseau -- Condillac -- Kant -- Fichte -- Schelling -- Hegel -- Feuerbach -- Schopenhauer -- Kierkegaard -- Comte -- Marx -- Nietzsche -- Freud -- Bergson -- El pragmatismo: Peirce y James -- Croce -- Husserl -- Sugerencias de consulta -- &#xCD;ndice de t&#xE9;rminos -- &#xCD;ndice general.</subfield>
  </datafield>
  <datafield tag="534" ind1=" " ind2=" ">
    <subfield code="p">T&#xED;tulos originales en italiano:</subfield>
    <subfield code="t">Atlante ilustrado di filosofia. Antologia di filosofia.</subfield>
  </datafield>
  <datafield tag="650" ind1=" " ind2="4">
    <subfield code="a">Filosof&#xED;a antigua</subfield>
    <subfield code="9">21323</subfield>
    <subfield code="v">Diccionarios</subfield>
  </datafield>
  <datafield tag="650" ind1=" " ind2="4">
    <subfield code="a">Filosof&#xED;a</subfield>
    <subfield code="x">Teor&#xED;as</subfield>
    <subfield code="v">DICCIONARIOS</subfield>
    <subfield code="9">21324</subfield>
  </datafield>
  <datafield tag="650" ind1=" " ind2="4">
    <subfield code="a">Filosof&#xED;a</subfield>
    <subfield code="x">Historia</subfield>
    <subfield code="v">DICCIONARIOS</subfield>
    <subfield code="9">21325</subfield>
  </datafield>
  <datafield tag="650" ind1=" " ind2="0">
    <subfield code="a">Filosof&#xED;a moderna</subfield>
    <subfield code="9">8156</subfield>
    <subfield code="v">Diccionarios</subfield>
  </datafield>
  <datafield tag="650" ind1=" " ind2="4">
    <subfield code="a">Filosof&#xED;a de la ciencia</subfield>
    <subfield code="v">Diccionarios</subfield>
    <subfield code="9">21327</subfield>
  </datafield>
  <datafield tag="650" ind1=" " ind2="4">
    <subfield code="a">Fil&#xF3;sofos</subfield>
    <subfield code="v">Biograf&#xED;as</subfield>
    <subfield code="9">21328</subfield>
  </datafield>
  <datafield tag="700" ind1="1" ind2="2">
    <subfield code="a">Biosca, Anna</subfield>
    <subfield code="e">ed.</subfield>
    <subfield code="9">21329</subfield>
  </datafield>
  <datafield tag="700" ind1="1" ind2="2">
    <subfield code="a">Murugarren, Pl&#xE1;cido</subfield>
    <subfield code="e">ed.</subfield>
    <subfield code="9">21330</subfield>
  </datafield>
  <datafield tag="700" ind1="1" ind2="2">
    <subfield code="a">Tom&#xE1;s, Javier,</subfield>
    <subfield code="e">ed.</subfield>
    <subfield code="9">21331</subfield>
  </datafield>
  <datafield tag="700" ind1="1" ind2="2">
    <subfield code="a">Barberi, Marco,</subfield>
    <subfield code="e">tr.</subfield>
    <subfield code="9">21332</subfield>
  </datafield>
  <datafield tag="910" ind1=" " ind2=" ">
    <subfield code="a">Validado. Control de calidad BNPHU</subfield>
  </datafield>
  <datafield tag="942" ind1=" " ind2=" ">
    <subfield code="2">ddc</subfield>
    <subfield code="c">LBS1</subfield>
  </datafield>
  <datafield tag="952" ind1=" " ind2=" ">
    <subfield code="0">0</subfield>
    <subfield code="1">0</subfield>
    <subfield code="5">2</subfield>
    <subfield code="7">0</subfield>
    <subfield code="8">MO</subfield>
    <subfield code="a">R</subfield>
    <subfield code="b">R</subfield>
    <subfield code="c">CT</subfield>
    <subfield code="d">2009-09-10</subfield>
    <subfield code="i">LF1</subfield>
    <subfield code="l">0</subfield>
    <subfield code="o">R101 A881u</subfield>
    <subfield code="p">7693-10</subfield>
    <subfield code="r">2020-06-25</subfield>
    <subfield code="w">2020-06-25</subfield>
    <subfield code="y">2</subfield>
    <subfield code="Z">02</subfield>
  </datafield>
  <datafield tag="999" ind1=" " ind2=" ">
    <subfield code="c">7472</subfield>
    <subfield code="d">7472</subfield>
  </datafield>
</record>
